Central Library OPAC University of Rajshahi

Equitable Reliefs Under the Civil Justice System in Bangladesh : (Record no. 83276)

MARC details
000 -LEADER
fixed length control field 00920nam a2200241 a 4500
001 - CONTROL NUMBER
RUCL Control Number 83276
003 - CONTROL NUMBER IDENTIFIER
rucl marc code BD-RjUL
005 - DATE AND TIME OF LATEST TRANSACTION
control field 20240310102019.0
008 - FIXED-LENGTH DATA ELEMENTS--GENERAL INFORMATION
fixed length control field 240310s2008 bg ||||| m||| 00| 0 eng d
035 ## - SYSTEM CONTROL NUMBER
system control number (BD-RjUL)83276
040 ## - CATALOGING SOURCE
Original cataloging agency BD-RjUL
Language of cataloging eng
Transcribing agency BD-RjUL
Modifying agency BD-RjUL
041 ## - LANGUAGE CODE
Language code of Book eng
082 ## - DEWEY DECIMAL CLASSIFICATION NUMBER
DDC Edition number 23
Classification number 347.095492
Author mark and Year MOE 2008
100 ## - MAIN ENTRY--PERSONAL NAME
Personal name Mohsin, A. F. M.
9 (RLIN) 12157
245 10 - TITLE STATEMENT
Title Equitable Reliefs Under the Civil Justice System in Bangladesh :
Remainder of title An Analytical Study /
Statement of responsibility, etc Researcher A. F. M. Mohsin ;
Name of Supervisor/Co-Supervisor Supervisor : Habibur Rahman
260 ## - PUBLICATION, DISTRIBUTION, ETC. (IMPRINT)
Place of publication, distribution, etc Rajshahi :
Name of publisher, distributor, etc Department of Law & Justice, University of Rajshahi,
Date of publication, distribution, etc 2008
300 ## - PHYSICAL DESCRIPTION
Pagination xiv, 282 Leaves ;
Dimensions 29 cm.
502 ## - DISSERTATION NOTE
Dissertation note Thesis (Ph. D.) -- Department of Law & Justice, University of Rajshahi, 2008
504 ## - BIBLIOGRAPHY, ETC. NOTE
Bibliography, etc Bibliography : Leaves [274]-282
650 ## - SUBJECT ADDED ENTRY--TOPICAL TERM
Topical term or geographic name as entry element Efficacy Judiciary
Geographic subdivision Bangladesh
9 (RLIN) 12158
700 ## - ADDED ENTRY--SUPERVISOR/CO-SUPERVISOR NAME
Personal name Rahman, Habibur, Supervisor
9 (RLIN) 12159
942 ## - ADDED ENTRY ELEMENTS (KOHA)
Source of classification or shelving scheme Dewey Decimal Classification
Koha item type Theses
Holdings
Source of classification or shelving scheme Damaged status Not for loan Collection code Permanent Location Current Location Shelving location Date of accession Source of acquisition Total Checkouts Full call number Barcode Date last seen Copy number Thesis
Dewey Decimal Classification   Not For Loan Theses Central Library, University of Rajshahi Central Library, University of Rajshahi Documentation Section 12/08/2009 Controller of Exam. R. U.   THE 347.095492 MOE 2008 D2972 10/03/2024 C-I Theses